| 000 | 01252nam a2200229Ia 4500 | ||
|---|---|---|---|
| 003 | OSt | ||
| 005 | 20241028133058.0 | ||
| 007 | ca aa aaaaa | ||
| 008 | 201103s9999 xx 000 0 und d | ||
| 040 | _cSSBUL | ||
| 041 | _abur | ||
| 082 |
_223 _a၂၉၄.၃၄ တောင် _b၉၁၉၁ S-SAT |
||
| 100 | 0 | _aတောင်ပုလုတောရကမ္ဘာအေးဆရာတော်ဘုရားကြီး။ | |
| 245 | 1 | 0 |
_aကာယဂတာသတိပဋ္ဌာန်ကျင့်စဉ် (အင်္ဂလိပ်-မြန်မာ-နှစ်ဘာသာ) / _cတောင်ပုလုတောရကမ္ဘာအေးဆရာတော်ဘုရားကြီး။ |
| 250 | _aတတိယအကြိမ်။ | ||
| 260 |
_aရန်ကုန် ၊ _bတောင်ပုလု ပဋိပတ္တိသာသနာနုဂ္ဂဟအဖွဲ့၊ _c၁၉၈၄။ |
||
| 300 |
_a[၅၆] စာမျက်နှာ ၊ _c၁၈ စင်တီ။ |
||
| 500 | _a အင်္ဂလိပ်- မြန်မာနှစ်ဘာသာဖြင့်ရေးသားထားသည်။ | ||
| 500 | _aS-SAT: Dr. Sai Aung Tun | ||
| 650 | _aသတိပဌာန် | ||
| 942 |
_2ddc _cBK1 |
||
| 999 |
_c16732 _d16732 |
||